| 000 | 00525cam a2200133 4500500 | ||
|---|---|---|---|
| 005 | 20260111091249.0 | ||
| 041 | _afre | ||
| 042 | _adc | ||
| 245 | 0 | 0 | _aJournet Ch., Entretiens sur l’eucharistie, Paris, Parole et Silence, 2000, 21x14, 88 p., 75 FF. ISBN 2-84573-018-7 |
| 260 | _c2005. | ||
| 500 | _a24 | ||
| 786 | 0 | _nNouvelle revue théologique | 127 | 4 | 2005-12-15 | p. 623zc-647zc | 0029-4845 | |
| 856 | 4 | 1 | _uhttps://shs.cairn.info/revue-nouvelle-revue-theologique-2005-4-page-623zc?lang=fr&redirect-ssocas=7080 |
| 999 |
_c1620754 _d1620754 |
||